00481 a2200157 4500003000400000005001700004008004100021020001800062040000900080082001800089100001800107245012700125250001200252260004900264300001000313OSt20240122094413.0240122b |||||||| |||| 00| 0 eng d a9789391899158 coclc a954.83bHUS/S aHusain, Afnan aSwatantrya Samara Senanikalaya Malabar Samara Rakthasakshikal= Dictionary of Mappila Martyrs /cAfnan Husain and Azhar Ali a1st ed. aKozhikode:bIslamic Publishing House,c2021. a184p.